书目信息 |
| 题名: |
特色产业发展对策研究
|
|
| 作者: | 张松柏 , 张婧华 著 | |
| 分册: | ||
| 出版信息: | 北京 光明日报出版社 2021 |
|
| 页数: | 237页 | |
| 开本: | 25cm | |
| 丛书名: | 光明社科文库 | |
| 单 册: | ||
| 中图分类: | F269.274.23 , F269.2 | |
| 科图分类: | ||
| 主题词: | 特色产业--产业发展--研究--庆阳 | |
| 电子资源: | ||
| ISBN: | 978-7-5194-5846-1 | |
| 000 | 01474oam2 2200313 450 | |
| 001 | 2339480200 | |
| 005 | 20231206105811.10 | |
| 010 | @a978-7-5194-5846-1@b精装@dCNY95.00 | |
| 100 | @a20210623d2021 em y0chiy50 ea | |
| 101 | 0 | @achi |
| 102 | @aCN@b110000 | |
| 105 | @ay az 000yy | |
| 200 | 1 | @a特色产业发展对策研究@Ate se chan ye fa zhan dui ce yan jiu@e以庆阳市为例@f张松柏,张婧华著 |
| 210 | @a北京@c光明日报出版社@d2021 | |
| 215 | @a237页@d25cm | |
| 225 | 2 | @a光明社科文库 |
| 300 | @a陇东学院学术著作基金资助出版 | |
| 314 | @a张松柏,男,汉族,1966年生,甘肃西峰人,陇东学院经济管理学院教授。 | |
| 314 | @a张婧华,1985年生,女,汉族,甘肃西峰人,博士在读,民盟盟员,讲师。 | |
| 320 | @a有书目 (第228-235页) | |
| 330 | @a特色产业是区域特色资源和其他经营要素稳定结合、协同运作,形成适应市场需求、发展强劲、潜力较高,并且对其他产业有较强带动作用的产业集聚群,是区域经济发展的发动机。特色产业理论有产业集群理论、区域比较优势理论、竞争优势理论等。本书共6章,分别从发展特色农产品的对策、建设产业聚集区的对策、培养本土企业的对策、发展能源旅游体育产业的对策、增加农民收入的对策等方面进行了研究,提出了符合当时当地情况,适当超前,农民能接受,政府好操作,服务机构好介入的对策措施。 | |
| 410 | 0 | @12001 @a光明社科文库 |
| 606 | 0 | @a特色产业@x产业发展@x研究@y庆阳 |
| 690 | @aF269.274.23@v5 | |
| 690 | @aF269.2@v4 | |
| 701 | 0 | @a张松柏@Azhang song bai@f(1966-)@4著 |
| 701 | 0 | @a张婧华@Azhang jing hua@f(1985-)@4著 |
| 801 | 0 | @aCN@b91MARC@c20210808 |
| 905 | @aZUCC@dF269.2@e15 | |
| 特色产业发展对策研究:以庆阳市为例/张松柏,张婧华著.-北京:光明日报出版社,2021 |
| 237页;25cm.-(光明社科文库) |
| 陇东学院学术著作基金资助出版 |
| ISBN 978-7-5194-5846-1(精装):CNY95.00 |
| 特色产业是区域特色资源和其他经营要素稳定结合、协同运作,形成适应市场需求、发展强劲、潜力较高,并且对其他产业有较强带动作用的产业集聚群,是区域经济发展的发动机。特色产业理论有产业集群理论、区域比较优势理论、竞争优势理论等。本书共6章,分别从发展特色农产品的对策、建设产业聚集区的对策、培养本土企业的对策、发展能源旅游体育产业的对策、增加农民收入的对策等方面进行了研究,提出了符合当时当地情况,适当超前,农民能接受,政府好操作,服务机构好介入的对策措施。 |
| ● |
| 相关链接 |
|
|
|
正题名:特色产业发展对策研究
索取号:F269.2/15
 
预约/预借
| 序号 | 登录号 | 条形码 | 馆藏地/架位号 | 状态 | 备注 |
| 1 | 2001269345 | 2001269345 | 辽宁北方(第一批)/辽宁北方(第一批)/360/ [索取号:F269.2/15] | 在馆 | |
| 2 | 2001269346 | 2001269346 | 辽宁北方(第一批)/辽宁北方(第一批)/360/ [索取号:F269.2/15] | 在馆 | |
| 3 | 2001269347 | 2001269347 | 辽宁北方(第一批)/辽宁北方(第一批)/360/ [索取号:F269.2/15] | 在馆 | |
| 4 | 2001269348 | 2001269348 | 辽宁北方(第一批)/辽宁北方(第一批)/360/ [索取号:F269.2/15] | 在馆 | |
| 5 | 2001269349 | 2001269349 | 辽宁北方(第一批)/辽宁北方(第一批)/360/ [索取号:F269.2/15] | 在馆 | |
| 6 | 2001269350 | 2001269350 | 辽宁北方(第一批)/辽宁北方(第一批)/360/ [索取号:F269.2/15] | 在馆 |